Junie B. Jones loves handsome Warren / (Record no. 120)

MARC details
000 -LEADER
fixed length control field 01547nam a22004097a 4500
001 - CONTROL NUMBER
control field 120
003 - CONTROL NUMBER IDENTIFIER
control field FISKH
005 - DATE AND TIME OF LATEST TRANSACTION
control field 20250205154347.0
008 - FIXED-LENGTH DATA ELEMENTS--GENERAL INFORMATION
fixed length control field 230228b cb ||||| |||| 00| 0 eng d
010 ## - LIBRARY OF CONGRESS CONTROL NUMBER
LC control number 96001440
020 ## - INTERNATIONAL STANDARD BOOK NUMBER
International Standard Book Number 0679866965 (pbk.)
020 ## - INTERNATIONAL STANDARD BOOK NUMBER
International Standard Book Number 067996696X (glb.)
040 ## - CATALOGING SOURCE
Original cataloging agency DLC
Transcribing agency DLC
Modifying agency DLC
-- FISKH
Language of cataloging eng
042 ## - AUTHENTICATION CODE
Authentication code lcac
050 00 - LIBRARY OF CONGRESS CALL NUMBER
Classification number PZ7.P2197
Item number Jv 1996
082 00 - DEWEY DECIMAL CLASSIFICATION NUMBER
Classification number 813.54
100 1# - MAIN ENTRY--PERSONAL NAME
Personal name Park, Barbara.
245 10 - TITLE STATEMENT
Title Junie B. Jones loves handsome Warren /
Statement of responsibility, etc. by Barbara Park ; illustrated by Denise Brunkus.
260 ## - PUBLICATION, DISTRIBUTION, ETC.
Place of publication, distribution, etc. New York
Name of publisher, distributor, etc. Random House
Date of publication, distribution, etc. 1996
300 ## - PHYSICAL DESCRIPTION
Extent 71 p.
Other physical details ill. ;
Dimensions 20 cm.
490 1# - SERIES STATEMENT
Series statement The Junie B. Jones series ;
Volume/sequential designation #7
500 ## - GENERAL NOTE
General note "A first stepping stone book."
505 ## - FORMATTED CONTENTS NOTE
Formatted contents note F
520 ## - SUMMARY, ETC.
Summary, etc. Unable to compete with her friends' fancy clothes and running ability, irrepressible six-year-old Junie B. finds her own way to make the new boy at school like her.
521 8# - TARGET AUDIENCE NOTE
Target audience note 310
Source Lexile
521 8# - TARGET AUDIENCE NOTE
Target audience note F
Source Raz-Plus
650 #1 - SUBJECT ADDED ENTRY--TOPICAL TERM
Topical term or geographic name entry element Friendship
General subdivision Fiction.
650 #1 - SUBJECT ADDED ENTRY--TOPICAL TERM
Topical term or geographic name entry element Kindergarten
General subdivision Fiction.
650 #1 - SUBJECT ADDED ENTRY--TOPICAL TERM
Topical term or geographic name entry element Schools
General subdivision Fiction.
700 1# - ADDED ENTRY--PERSONAL NAME
Personal name Brunkus, Denise,
Relator term ill.
800 1# - SERIES ADDED ENTRY--PERSONAL NAME
Personal name Park, Barbara.
Title of a work Junie B. Jones series ;
Volume/sequential designation #7.
856 42 - ELECTRONIC LOCATION AND ACCESS
Materials specified Contributor biographical information
Uniform Resource Identifier <a href="http://www.loc.gov/catdir/bios/random057/96001440.html">http://www.loc.gov/catdir/bios/random057/96001440.html</a>
856 41 - ELECTRONIC LOCATION AND ACCESS
Materials specified Sample text
Uniform Resource Identifier <a href="http://www.loc.gov/catdir/samples/random043/96001440.html">http://www.loc.gov/catdir/samples/random043/96001440.html</a>
856 42 - ELECTRONIC LOCATION AND ACCESS
Materials specified Publisher description
Uniform Resource Identifier <a href="http://www.loc.gov/catdir/description/random047/96001440.html">http://www.loc.gov/catdir/description/random047/96001440.html</a>
906 ## - LOCAL DATA ELEMENT F, LDF (RLIN)
a 7
b cbc
c orignew
d 1
e ocip
f 19
g y-gencatlg
942 ## - ADDED ENTRY ELEMENTS (KOHA)
Source of classification or shelving scheme Dewey Decimal Classification
Koha item type Books
Suppress in OPAC No
Holdings
Withdrawn status Lost status Source of classification or shelving scheme Damaged status Not for loan Collection Home library Current library Shelving location Date acquired Total Checkouts Full call number Barcode Date last seen Date last checked out Price effective from Koha item type Copy number
    Dewey Decimal Classification     Juvenile Fiction Footprints International School Library Network Toul Kork Campus Footprints International School Library Network Toul Kork Campus   02/28/2023 1 PAR 813.54 PZ7.P2197 FISTK00281 03/15/2024 09/01/2023 02/28/2023 Books  
    Dewey Decimal Classification     Juvenile Fiction Footprints International School Library Network Toul Kork Campus Footprints International School Library Network Toul Kork Campus TTP Primary Dark Blue Bookshelves 02/05/2025   PAR 813.54 PZ7.P2197 2025-0386 02/05/2025   02/28/2023 Books 2
    Dewey Decimal Classification     Juvenile Fiction Footprints International School Library Network Toul Kork Campus Footprints International School Library Network Toul Kork Campus TTP Primary Dark Blue Bookshelves 02/05/2025   PAR 813.54 PZ7.P2197 2025-0387 02/05/2025   02/28/2023 Books 3